Cardiology secrets / (Record no. 12299)
[ view plain ]
| 000 -LEADER | |
|---|---|
| fixed length control field | 01712cam a2200373 i 4500 |
| 001 - CONTROL NUMBER | |
| control field | 1289989231 |
| 003 - CONTROL NUMBER IDENTIFIER | |
| control field | OCoLC |
| 005 - DATE AND TIME OF LATEST TRANSACTION | |
| control field | 20240808073715.0 |
| 008 - FIXED-LENGTH DATA ELEMENTS--GENERAL INFORMATION | |
| fixed length control field | 210825s2023 paua b 001 0 eng |
| 010 ## - LIBRARY OF CONGRESS CONTROL NUMBER | |
| LC control number | 2021946008 |
| 020 ## - INTERNATIONAL STANDARD BOOK NUMBER | |
| International Standard Book Number | 9780323826754 |
| 020 ## - INTERNATIONAL STANDARD BOOK NUMBER | |
| International Standard Book Number | 032382675X |
| 020 ## - INTERNATIONAL STANDARD BOOK NUMBER | |
| Cancelled/invalid ISBN | 9780323826761 |
| 035 ## - SYSTEM CONTROL NUMBER | |
| System control number | (OCoLC)1289989231 |
| Canceled/invalid control number | (OCoLC)1289921096 |
| -- | (OCoLC)1289942732 |
| -- | (OCoLC)1306162371 |
| 040 ## - CATALOGING SOURCE | |
| Original cataloging agency | DLC |
| Language of cataloging | eng |
| Description conventions | rda |
| Transcribing agency | DLC |
| Modifying agency | BDX |
| -- | YDX |
| -- | OCLCF |
| -- | OME |
| -- | YUM |
| -- | OCLCO |
| 042 ## - AUTHENTICATION CODE | |
| Authentication code | pcc |
| 050 00 - LIBRARY OF CONGRESS CALL NUMBER | |
| Classification number | RC682 |
| Item number | .C397 2023 |
| 082 04 - DEWEY DECIMAL CLASSIFICATION NUMBER | |
| Classification number | 616.1/20076 |
| Edition number | 23/eng/20220428 |
| Item number | CAR |
| 092 ## - LOCALLY ASSIGNED DEWEY CALL NUMBER (OCLC) | |
| Classification number | 616.120076 |
| Item number | C2677s 2023 |
| 245 00 - TITLE STATEMENT | |
| Title | Cardiology secrets / |
| Statement of responsibility, etc | Glenn N. Levine, MD, FACC, FAHA, Professor of Medicine, Baylor College of Medicine, Chief, Cardiology Section, Michael E. DeBakey VA Medical Center, Houston, Texas, USA |
| 250 ## - EDITION STATEMENT | |
| Edition statement | Sixth edition |
| 260 ## - PUBLICATION, DISTRIBUTION, ETC. (IMPRINT) | |
| Place of publication, distribution, etc | Philadelphia, PA : |
| Name of publisher, distributor, etc | Elsevier, |
| Date of publication, distribution, etc | [2023] |
| 300 ## - PHYSICAL DESCRIPTION | |
| Extent | xxiv, 632 pages : |
| Other physical details | illustrations ; |
| Dimensions | 23 cm |
| 490 1# - SERIES STATEMENT | |
| Series statement | Secrets |
| 504 ## - BIBLIOGRAPHY, ETC. NOTE | |
| Bibliography, etc | Includes bibliographical references and index |
| 520 ## - SUMMARY, ETC. | |
| Summary, etc | Cardiology Secrets, 6th Edition, offers practical, up-to-date coverage of the full range of essential topics in this dynamic field. This highly regarded resource features the Secrets' popular question-and-answer format that also includes lists, tables, pearls, memory aids, and an easy-to-read style - making inquiry, reference, and review quick, easy, and enjoyable |
| 650 #0 - SUBJECT ADDED ENTRY--TOPICAL TERM | |
| Topical term or geographic name as entry element | Cardiology |
| Form subdivision | Miscellanea |
| 9 (RLIN) | 23433 |
| 650 #0 - SUBJECT ADDED ENTRY--TOPICAL TERM | |
| Topical term or geographic name as entry element | Heart |
| General subdivision | Diseases |
| 9 (RLIN) | 23020 |
| 650 #2 - SUBJECT ADDED ENTRY--TOPICAL TERM | |
| Topical term or geographic name as entry element | Heart Diseases |
| 9 (RLIN) | 23024 |
| 650 #2 - SUBJECT ADDED ENTRY--TOPICAL TERM | |
| Topical term or geographic name as entry element | Diagnostic Techniques, Cardiovascular |
| 9 (RLIN) | 23434 |
| 700 1# - ADDED ENTRY--PERSONAL NAME | |
| Personal name | Levine, Glenn N., |
| Relator term | editor |
| 9 (RLIN) | 23435 |
| 830 #0 - SERIES ADDED ENTRY--UNIFORM TITLE | |
| Uniform title | Secrets series |
| 9 (RLIN) | 23168 |
| 942 ## - ADDED ENTRY ELEMENTS (KOHA) | |
| Source of classification or shelving scheme | Dewey Decimal Classification |
| Item type | Books |
| Withdrawn status | Lost status | Source of classification or shelving scheme | Damaged status | Not for loan | Home library | Current library | Date acquired | Inventory number | Total Checkouts | Full call number | Barcode | Date last seen | Copy number | Price effective from | Koha item type |
|---|---|---|---|---|---|---|---|---|---|---|---|---|---|---|---|
| Dewey Decimal Classification | Main Library | Faculty of Nursing & Health Sciences Library | 08/08/2024 | 34886 | 616.1/20076 CAR | bsu24080761 | 08/08/2024 | 001 | 08/08/2024 | Books | |||||
| Dewey Decimal Classification | Main Library | Faculty of Nursing & Health Sciences Library | 08/08/2024 | 34887 | 616.1/20076 CAR | bsu24080762 | 08/08/2024 | 002 | 08/08/2024 | Books |